| 000 | 00927nam a2200277 i 4500 | ||
|---|---|---|---|
| 001 | 88 | ||
| 003 | KOSZ 005 | ||
| 005 | 20191014135715.0 | ||
| 008 | 961010s1977 pl a f f |000 0 pol d | ||
| 040 |
_aKOSZ 005 _cKOSZ 005 _dKOSZ 005/EG _dKOSZ 005/HR |
||
| 041 | _apol | ||
| 046 | _k1977 | ||
| 080 | _a624.131 | ||
| 100 | 1 |
_aLambe, William T. _eAutor |
|
| 245 | 0 | 0 |
_aMechanika gruntów. _nT. 1. _nCz. 1-3 / _cWilliam T. Lambe, Robert W. Whitnam. |
| 260 |
_aWarszawa : _b"Arkady" , _c1977. |
||
| 300 |
_a286, [2] s. : _bil. ; _c25 cm. |
||
| 380 | _aKsiążki | ||
| 650 | 4 | _aMechanika gruntów | |
| 658 | _aInżynieria i technika | ||
| 700 | 1 |
_aWhitman, Robert W. _d(1928- ) _eAutor |
|
| 700 | 1 |
_aBiernacki, Ryszard _eTłumaczenie |
|
| 710 | 2 |
_aWydawnictwo "Arkady". _4pbl. |
|
| 856 |
_uhttp://koha.tu.koszalin.pl/cgi-bin/koha/opac-detail.pl?biblionumber=88 _yKatalog online BPK |
||
| 942 |
_2UKD _cKS |
||
| 999 |
_c88 _d88 |
||